000 00358 a2200109 4500
001 ART_12428
005 20260410161906.0
008 260409a
245 1 0 _aOn maximum likehood estimation of stochastic frontier productions models
100 1 _aLee, Lung-Fei
773 0 _tJournal of econometrics
_g- Vol. 23, NÂș 2 (oct. 1983)
_wREV11720
999 _c26357
_d26357